000 00374 a2200157 4500
001 57644
020 _a9788526264908
040 _cAnchieta - Pituba
100 _aViana, Maria
240 1 0 _aO rebelde e outros contos amazĂ´nicos
_lpor
245 1 0 _aO rebelde e outros contos amazĂ´nicos
300 _a143
362 0 _a2007
650 4 _aLiteratura juvenil
942 _cBK
999 _c57644
_d57644